Medieval Universities of Europe on a Map - Statistics

General Stats
  • This quiz has been taken 620 times
  • The average score is 26 of 52
Answers on the Map
Answers color-coded by a green-red scale on the quiz's map according to % correct below.
 
Answer Stats
Founded University % Correct
c. 1096 - 1167 University of Oxford
96%
1209 University of Cambridge
90%
1320 University of Dublin
90%
c. 1045 - 1150 University of Paris
90%
1303 Sapienza University of Rome
88%
1451 University of Glasgow
85%
1450 University of Barcelona
83%
1224 University of Naples Federico II
83%
c. 1088 University of Bologna
81%
1348 University of Prague
81%
1321 University of Florence
79%
1395 Óbuda University
78%
1293 University of Alcalá
78%
1441 University of Bordeaux
75%
1404 University of Turin
72%
1365 University of Vienna
71%
1229 University of Toulouse
67%
1343 University of Pisa
66%
1388 University of Cologne
65%
1364 Jagiellonian University
64%
1409 University of Leipzig
56%
1434 University of Catania
54%
1397 University of Zadar
50%
c. 1222 University of Padua
49%
1303 Avignon University
47%
1220 / 1289 University of Montpellier
47%
1235 / 1306 University of Orléans
47%
1240 University of Siena
46%
1419 University of Rostock
42%
1432 University of Caen
41%
1446 University of Girona
39%
c. 1218 University of Salamanca
38%
1386 Heidelberg University
37%
1413 University of St Andrews
37%
1241 University of Valladolid
37%
1290 University of Coimbra
35%
1339 University of Grenoble
34%
1349 University of Perpignan
32%
1308 University of Perugia
30%
1391 University of Ferrara
29%
1409 University of Provence
29%
1356 University of Angers
26%
1379 University of Erfurt
26%
1425 University of Leuven
22%
1361 University of Pavia
21%
1423 University of Dole
18%
1262 College of the Valley Scholars
17%
1300 University of Lleida
17%
1367 University of Pécs
17%
1290 University of Macerata
7%
1336 University of Camerino
5%
1198 University of Hilandar
2%
No matching quizzes found
Score Distribution
Percent of People with Each Score
Percentile by Number Answered
Your Score History
You have not taken this quiz